Encyclopedia of Applied Physics Testing Equipment-Mechanical to Topological Phase Effects Vol. 21
Salvato in:
| Altri autori: | |
|---|---|
| Natura: | Libro |
| Lingua: | inglese |
| Pubblicazione: |
New York
VCH Publ.
1997
|
| Edizione: | 1. ed. |
| Soggetti: | |
| Accesso online: | Visualizza in OPAC |
| Tags: |
Nessun Tag, puoi essere il primo ad aggiungerne!!
|
MARC
| LEADER | 00000nam a2200000 a 4500 | ||
|---|---|---|---|
| 005 | 20260127133941.0 | ||
| 008 | 090514 1997 xxu 000 0 eng d | ||
| 020 | |a 1560810580 (set) | ||
| 020 | |a 352729306X (vol.21) | ||
| 035 | |a vtls009512505 | ||
| 039 | 9 | |y 200905141025 |z mschk03 | |
| 040 | |a STUSCHK1 |b slo |c STUSCHK1 |e AACR2 | ||
| 080 | |a 53:621(03) | ||
| 245 | 1 | |a Encyclopedia of Applied Physics |n Vol. 21 |b Testing Equipment-Mechanical to Topological Phase Effects |c Edited by George L. Trigg | |
| 250 | |a 1. ed. | ||
| 260 | |a New York |b VCH Publ. |c 1997 | ||
| 300 | |a vii, 594 s. |b il. |c 26 cm | ||
| 650 | 0 | |a fyzika | |
| 650 | 0 | |a aplikovaná fyzika | |
| 650 | 0 | |a encyklopedia | |
| 700 | 1 | |a Trigg, George L. |d 1925 |4 edt | |
| 910 | |a SCHK95 | ||
| 919 | |a 1-56081-058-0 (set) | ||
| 919 | |a 3-527-29306-X (vol.21) | ||
| 999 | |c 730 |d 730 | ||